| 000 | 01827nam a2200373 a 4500 | ||
|---|---|---|---|
| 001 | 768714001 | ||
| 003 | CO-MdFUSB | ||
| 005 | 20220617163838.0 | ||
| 007 | ta | ||
| 008 | 071113t2008 ne a sb 101 0 eng d | ||
| 020 | _z9789004157651 | ||
| 040 |
_aMiAaPQ _cCO-MdFUSB _dMiAaPQ _bspa _erda |
||
| 041 | _aeng | ||
| 082 |
_223 _a201.3 _bIM31 |
||
| 245 | 0 | 0 |
_aImagining creation / _ceditado por Markham J. Geller , Mineke Schipper |
| 264 | 1 |
_aLeiden, Boston : _bBrill Academic Publishers, _c[2008] |
|
| 264 | 4 | _c© 2008 | |
| 300 |
_a424 páginas : _bilustraciones. _c; 25 cm |
||
| 336 |
_2rdacontent _atexto _btxt |
||
| 337 |
_2rdamedia _asin mediación _bn |
||
| 338 |
_2rdacarrier _avolumen _bnc |
||
| 490 | 1 | _aIJS studies in Judaica, | |
| 504 | _aIncluye referencias bibliográficas e indice. | ||
| 505 | _aHistorias de creación mesopotámicas / WG Lambert -- Historias de creación en el antiguo Egipto / Stephen Quirke -- No se puede llegar aquí desde allí : la paradoja lógica de los antiguos mitos de creación indios / Wendy Doniger -- Historias del comienzo : mitos de origen en el sur de África del Sahara / Mineke Schipper -- Actitudes judías modernas hacia el concepto de mito / Wout Jac. van Bekkum -- Extracto de la traducción y comentario de Génesis 1-2, Norton, NY 1996 / Robert Alter -- La Biblia en proceso : Historias eslavas de la creación / Florentina Badalanova -- Historias árabes de la creación más allá de los límites / Abdullah al-Udhari -- Mitos luriánicos de la creación / Daphne Freedman. | ||
| 563 | _aPasta dura | ||
| 650 | 7 |
_aCreación _9251 |
|
| 653 | _aMitología | ||
| 700 | 1 |
_aGeller, Markham J. _eeditor |
|
| 700 | 1 |
_aSchipper, Mineke. _eeditor |
|
| 830 | 0 |
_aIJS studies in Judaica ; _vv. 5. |
|
| 942 | _cBK | ||
| 945 | _aJTF-925 | ||
| 999 |
_c67536 _d67536 |
||